[Event "Titled Tuesday intern op 22nd June"]
[Site "Chess.com INT"]
[Date "2021.06.22"]
[Round "4"]
[White "Swati, Mohota"]
[Black "Shapiro, Daniel E"]
[Result "1-0"]
[WhiteElo "2027"]
[BlackElo "2284"]
[PlyCount "75"]
[EventDate "2021.06.22"]
[EventType "swiss (blitz)"]
[EventRounds "11"]
[EventCountry "USA"]
[SourceTitle "CBM 203 Extra"]
[Source "ChessBase"]
[SourceDate "2021.09.30"]
[SourceVersion "1"]
[SourceVersionDate "2021.09.30"]
[SourceQuality "1"]

1. d4 Nf6 2. c4 e6 3. Nf3 b6 4. g3 Ba6 5. b3 Bb4+ 6. Bd2 Be7 7. Bg2 c6 8. 0-0 d5 9. Ne5 Nfd7 10. cxd5 cxd5 11. Nc3 Nxe5 12. dxe5 Nc6 13. f4 Rc8 14. Rc1 Ba3 15. Rb1 0-0 16. Kh1 b5 17. b4 Bxb4 18. Nxb5 Bxb5 19. Bxb4 Nxb4 20. Rxb4 Qa5 21. Rb2 Rc5 22. Qd2 Qa6 23. Bf3 Rfc8 24. Rfb1 h6 25. Kg2 Ba4 26. Rb8 Rc2 27. Rxc8+ Qxc8 28. Qb4 Rxa2 29. Qd6 Qd7 30. Rb8+ Kh7 31. Qf8 Bb5 32. h4 Bxe2 33. Qh8+ Kg6 34. h5+ Kf5 35. Qh7+ g6 36. Bxe2 Rxe2+ 37. Kf3 Ra2 38. hxg6 1-0

[Event "Titled Tuesday intern op 15th June"]
[Site "Chess.com INT"]
[Date "2021.06.15"]
[Round "2"]
[White "Swati, Mohota"]
[Black "Abdisalimov, Abdimalik"]
[Result "1/2-1/2"]
[WhiteElo "2027"]
[BlackElo "2390"]
[PlyCount "85"]
[EventDate "2021.06.15"]
[EventType "swiss (blitz)"]
[EventRounds "11"]
[EventCountry "USA"]
[SourceTitle "CBM 203 Extra"]
[Source "ChessBase"]
[SourceDate "2021.09.30"]
[SourceVersion "1"]
[SourceVersionDate "2021.09.30"]
[SourceQuality "1"]

1. d4 Nf6 2. Nf3 e6 3. g3 b6 4. Bg2 Bb7 5. 0-0 d6 6. c4 Nbd7 7. Nc3 Be7 8. Re1 0-0 9. e4 e5 10. dxe5 Nxe5 11. b3 Nfd7 12. Nd5 Bxd5 13. exd5 Bf6 14. Rb1 Re8 15. Bb2 Nxf3+ 16. Bxf3 Bxb2 17. Rxb2 Qf6 18. Rbe2 Kf8 19. Rxe8+ Rxe8 20. Rxe8+ Kxe8 21. Qe2+ Kd8 22. Be4 Qe5 23. f4 Qe7 24. Qf3 Nf6 25. Bc2 Qe1+ 26. Kg2 Qa1 27. a4 Qb2 28. Qe2 a5 29. Kf3 Qc3+ 30. Qd3 Qxd3+ 31. Bxd3 h6 32. g4 Ke7 33. h4 Nd7 34. h5 Nc5 35. Bc2 f6 36. Ke3 Na6 37. Kd4 Nb4 38. Bb1 Na6 39. Bc2 Nc5 40. Kc3 Kf7 41. Kd4 Na6 42. Bg6+ Ke7 43. Bc2 1/2-1/2

[Event "Titled Tuesday intern op 15th June"]
[Site "Chess.com INT"]
[Date "2021.06.15"]
[Round "1"]
[White "Swati, Mohota"]
[Black "Perera Alfonso, Rene Humberto"]
[Result "0-1"]
[WhiteElo "2027"]
[BlackElo "2354"]
[PlyCount "104"]
[EventDate "2021.06.15"]
[EventType "swiss (blitz)"]
[EventRounds "11"]
[EventCountry "USA"]
[SourceTitle "CBM 203 Extra"]
[Source "ChessBase"]
[SourceDate "2021.09.30"]
[SourceVersion "1"]
[SourceVersionDate "2021.09.30"]
[SourceQuality "1"]

1. d4 d5 2. Nf3 Nf6 3. c4 c6 4. Nc3 dxc4 5. a4 Bf5 6. Ne5 Na6 7. f3 Nd7 8. Nxc4 e5 9. e4 exd4 10. exf5 dxc3 11. bxc3 Qf6 12. Qe2+ Be7 13. Bb2 0-0-0 14. 0-0-0 Rhe8 15. Qc2 Nac5 16. Kb1 Bf8 17. g4 h6 18. Bg2 Ne5 19. Nxe5 Qxe5 20. c4 Qf4 21. Bc1 Qc7 22. h3 Qa5 23. Rxd8+ Rxd8 24. Rd1 Rxd1 25. Qxd1 Nxa4 26. Qb3 Qb4 27. Qxb4 Bxb4 28. Kc2 a5 29. Bf4 Nc5 30. Be5 f6 31. Bd4 a4 32. f4 Kc7 33. Bxc5 Bxc5 34. Be4 Be3 35. Kb2 Bxf4 36. Ka3 b5 37. cxb5 cxb5 38. Kb4 Kb6 39. Bd5 Bd6+ 40. Kc3 Kc5 41. Ba2 b4+ 42. Kc2 b3+ 43. Bxb3 axb3+ 44. Kxb3 Kd4 45. Ka4 Ke4 46. Kb5 Kf4 47. Kc6 Kg3 48. Kxd6 Kxh3 49. Ke6 Kxg4 50. Kf7 Kxf5 51. Kxg7 h5 52. Kf7 h4 0-1

[Event "Speed Chess (Women) Q3"]
[Site "Chess.com INT"]
[Date "2021.05.30"]
[Round "2"]
[White "Batsiashvili, Nino"]
[Black "Swati, Mohota"]
[Result "1-0"]
[WhiteElo "2491"]
[BlackElo "2027"]
[PlyCount "67"]
[EventDate "2021.05.30"]
[EventType "swiss (blitz)"]
[EventRounds "21"]
[EventCountry "USA"]
[SourceTitle "CBM 202 Extra"]
[Source "ChessBase"]
[SourceDate "2021.07.31"]
[SourceVersion "1"]
[SourceVersionDate "2021.07.31"]
[SourceQuality "1"]

1. d4 Nf6 2. c4 e6 3. Nc3 d5 4. Nf3 Be7 5. Bf4 0-0 6. e3 b6 7. cxd5 Nxd5 8. Bd3 Nxf4 9. exf4 Bb7 10. 0-0 c5 11. dxc5 Bxc5 12. Qe2 Nd7 13. Rad1 Bxf3 14. Qxf3 Qc7 15. Ne4 Be7 16. Rc1 Qb8 17. Rfd1 Nc5 18. Nxc5 Bxc5 19. Be4 Rd8 20. Rxd8+ Qxd8 21. Bxa8 g6 22. a3 Qd4 23. b4 Qb2 24. Rd1 Be7 25. h3 Bf6 26. Be4 a5 27. bxa5 bxa5 28. Qd3 Kg7 29. g3 Qb6 30. Kg2 a4 31. h4 Qb3 32. Qxb3 axb3 33. a4 b2 34. Rb1 1-0

[Event "Speed Chess (Women) Q3"]
[Site "Chess.com INT"]
[Date "2021.05.30"]
[Round "12"]
[White "Froewis, Annika"]
[Black "Swati, Mohota"]
[Result "0-1"]
[WhiteElo "2143"]
[BlackElo "2027"]
[PlyCount "84"]
[EventDate "2021.05.30"]
[EventType "swiss (blitz)"]
[EventRounds "21"]
[EventCountry "USA"]
[SourceTitle "CBM 202 Extra"]
[Source "ChessBase"]
[SourceDate "2021.07.31"]
[SourceVersion "1"]
[SourceVersionDate "2021.07.31"]
[SourceQuality "1"]

1. e4 Nf6 2. e5 Nd5 3. c4 Nb6 4. d4 d6 5. exd6 cxd6 6. Nc3 g6 7. h4 Bg7 8. h5 Be6 9. b3 Nc6 10. Be3 d5 11. c5 Nc8 12. hxg6 hxg6 13. Rxh8+ Bxh8 14. Nf3 Bf5 15. Bd3 Nb4 16. Bxf5 gxf5 17. a3 Nc6 18. b4 e6 19. Bg5 Bf6 20. Bf4 N8e7 21. Qd2 Ng6 22. Bg5 Bxg5 23. Nxg5 Nxd4 24. Nxf7 Nf3+ 25. gxf3 Kxf7 26. 0-0-0 Qf6 27. Rg1 Rh8 28. Kc2 Rh2 29. Nb5 a6 30. Nd6+ Ke7 31. Qe3 Ne5 32. Re1 Nc4 33. Qe2 Qb2+ 34. Kd3 Qxe2+ 35. Rxe2 Nxd6 36. cxd6+ Kxd6 37. Kd4 e5+ 38. Kd3 e4+ 39. fxe4 fxe4+ 40. Kd4 Rh3 41. Rc2 Rxa3 42. Rb2 Rf3 0-1

[Event "Speed Chess (Women) Q3"]
[Site "Chess.com INT"]
[Date "2021.05.30"]
[Round "10"]
[White "Swati, Mohota"]
[Black "Ribeiro, Regina"]
[Result "1-0"]
[WhiteElo "2027"]
[BlackElo "1920"]
[PlyCount "55"]
[EventDate "2021.05.30"]
[EventType "swiss (blitz)"]
[EventRounds "21"]
[EventCountry "USA"]
[SourceTitle "CBM 202 Extra"]
[Source "ChessBase"]
[SourceDate "2021.07.31"]
[SourceVersion "1"]
[SourceVersionDate "2021.07.31"]
[SourceQuality "1"]

1. d4 Nf6 2. Nf3 d6 3. b3 g6 4. Bb2 Bg7 5. e3 0-0 6. Nbd2 Nbd7 7. c4 c6 8. Be2 Re8 9. 0-0 e5 10. dxe5 dxe5 11. e4 Nh5 12. Re1 Nf4 13. Bf1 Nc5 14. Qc2 Ncd3 15. Re3 Nxb2 16. Qxb2 Bg4 17. h3 Bxf3 18. Nxf3 Qf6 19. Rd1 Ne6 20. Kh2 Nd4 21. Nxd4 exd4 22. Rf3 Qe5+ 23. g3 Qxe4 24. Bg2 Qe5 25. Rd2 Rad8 26. Qc2 h5 27. Rfd3 h4 28. f4 1-0

[Event "Speed Chess (Women) Q3"]
[Site "Chess.com INT"]
[Date "2021.05.30"]
[Round "17"]
[White "Swati, Mohota"]
[Black "Varney, Zoe"]
[Result "1-0"]
[WhiteElo "2027"]
[BlackElo "1917"]
[PlyCount "85"]
[EventDate "2021.05.30"]
[EventType "swiss (blitz)"]
[EventRounds "21"]
[EventCountry "USA"]
[SourceTitle "CBM 202 Extra"]
[Source "ChessBase"]
[SourceDate "2021.07.31"]
[SourceVersion "1"]
[SourceVersionDate "2021.07.31"]
[SourceQuality "1"]

1. d4 d5 2. Nf3 Nf6 3. b3 e6 4. Bb2 b6 5. g3 Bb7 6. Bg2 c5 7. 0-0 Nc6 8. Nbd2 Be7 9. Re1 0-0 10. dxc5 bxc5 11. e3 a5 12. c4 a4 13. Rc1 a3 14. Ba1 Ra5 15. Qe2 Qa8 16. Red1 Nb4 17. Nb1 Rd8 18. Nc3 d4 19. exd4 cxd4 20. Nb1 d3 21. Qe3 Bc5 22. Qf4 Nh5 23. Qg4 g6 24. Nh4 Bxg2 25. Nxg2 Bxf2+ 26. Kxf2 Rf5+ 27. Kg1 Qa7+ 28. Kh1 Qf2 29. Bc3 Nc2 30. Nd2 Ne3 31. Nxe3 Qxe3 32. Rf1 Rxf1+ 33. Rxf1 Qe2 34. Qf3 Qxf3+ 35. Rxf3 Ng7 36. Kg2 Nf5 37. Kf2 Kf8 38. Bb4+ Ke8 39. Bxa3 e5 40. Bb2 f6 41. Ke1 Ke7 42. Kd1 Ke6 43. Ne4 1-0

[Event "Speed Chess (Women) Q3"]
[Site "Chess.com INT"]
[Date "2021.05.30"]
[Round "14"]
[White "Swati, Mohota"]
[Black "Vine, Elzbieta"]
[Result "1-0"]
[WhiteElo "2027"]
[BlackElo "2138"]
[PlyCount "61"]
[EventDate "2021.05.30"]
[EventType "swiss (blitz)"]
[EventRounds "21"]
[EventCountry "USA"]
[SourceTitle "CBM 202 Extra"]
[Source "ChessBase"]
[SourceDate "2021.07.31"]
[SourceVersion "1"]
[SourceVersionDate "2021.07.31"]
[SourceQuality "1"]

1. d4 d5 2. Nf3 Bg4 3. Ne5 Bf5 4. e3 f6 5. Nf3 Nc6 6. Bd3 Bg4 7. Be2 Qd7 8. c4 e6 9. Nc3 h5 10. h3 Bf5 11. cxd5 exd5 12. Bd3 0-0-0 13. Nh4 Bxd3 14. Qxd3 Nge7 15. Bd2 Nb4 16. Qb1 g5 17. Nf3 Bg7 18. a3 Nbc6 19. Qc2 g4 20. Ng1 gxh3 21. Nxh3 f5 22. 0-0-0 Bh6 23. Na4 Ng6 24. Nc5 Qe7 25. Qb3 b6 26. Qa4 bxc5 27. Qxc6 Bg7 28. Qa8+ Kd7 29. Qxd5+ Kc8 30. Qa8+ Kd7 31. Qxa7 1-0

[Event "Speed Chess (Women) Q3"]
[Site "Chess.com INT"]
[Date "2021.05.30"]
[Round "8"]
[White "Swati, Mohota"]
[Black "Wagner, Dinara"]
[Result "0-1"]
[WhiteElo "2027"]
[BlackElo "2334"]
[PlyCount "114"]
[EventDate "2021.05.30"]
[EventType "swiss (blitz)"]
[EventRounds "21"]
[EventCountry "USA"]
[SourceTitle "CBM 202 Extra"]
[Source "ChessBase"]
[SourceDate "2021.07.31"]
[SourceVersion "1"]
[SourceVersionDate "2021.07.31"]
[SourceQuality "1"]

1. d4 Nf6 2. Nf3 e6 3. g3 d5 4. Bg2 Be7 5. 0-0 0-0 6. b3 c5 7. Bb2 cxd4 8. Nxd4 Nc6 9. Nd2 Bd7 10. Nxc6 bxc6 11. e4 Rc8 12. e5 Ne8 13. c4 Nc7 14. Rc1 c5 15. Qe2 Bc6 16. Rfd1 Qe8 17. f4 d4 18. Bxc6 Qxc6 19. Qe4 Na6 20. Qxc6 Rxc6 21. Ne4 Rd8 22. Kf2 Nb4 23. a3 Na6 24. Rd3 Rb6 25. Ke2 Rdb8 26. b4 cxb4 27. Bxd4 Rc6 28. Bxa7 Ra8 29. Be3 bxa3 30. c5 Nb4 31. Rd2 a2 32. Ra1 Rca6 33. Rb2 Nd5 34. Nd6 h6 35. Bd4 Ra4 36. Kd3 Nb4+ 37. Ke2 Nc6 38. Bc3 Bd8 39. Nb7 Bc7 40. Nd6 Ba5 41. Bxa5 R4xa5 42. Nb7 R5a7 43. Rb6 Nd4+ 44. Kd3 Nf5 45. Nd6 Ne7 46. c6 Nd5 47. Rb2 Ra6 48. c7 Nxc7 49. Kc3 Nd5+ 50. Kd4 Ra4+ 51. Kc5 R8a5+ 52. Kc6 Nb4+ 53. Kd7 Nd3 54. Rb8+ Kh7 55. Nxf7 Kg6 56. Nd6 Ra7+ 57. Rb7 Nb4 0-1

[Event "Speed Chess (Women) Q1"]
[Site "Chess.com INT"]
[Date "2021.05.28"]
[Round "7"]
[White "Chu, Ruotong"]
[Black "Swati, Mohota"]
[Result "1-0"]
[WhiteElo "2207"]
[BlackElo "2027"]
[PlyCount "133"]
[EventDate "2021.05.28"]
[EventType "swiss (blitz)"]
[EventRounds "9"]
[EventCountry "USA"]
[SourceTitle "CBM 202 Extra"]
[Source "ChessBase"]
[SourceDate "2021.07.31"]
[SourceVersion "1"]
[SourceVersionDate "2021.07.31"]
[SourceQuality "1"]

1. d4 d5 2. c4 c6 3. cxd5 cxd5 4. Bf4 Nc6 5. e3 a6 6. Bd3 Nf6 7. Nc3 b5 8. h3 e6 9. Rc1 Bb7 10. Nf3 Bd6 11. Ne5 Rc8 12. 0-0 Bxe5 13. Bxe5 Nxe5 14. dxe5 Nd7 15. Qh5 g6 16. Qh6 Qe7 17. e4 Qf8 18. Qf4 d4 19. Ne2 Nc5 20. Bb1 d3 21. Nd4 Qg7 22. b4 Nd7 23. Rxc8+ Bxc8 24. Bxd3 Qxe5 25. Qe3 0-0 26. a3 Bb7 27. Rc1 Rc8 28. Rxc8+ Bxc8 29. f4 Qc7 30. e5 Qc3 31. Ne2 Qc7 32. Qd4 Nb6 33. Be4 Bb7 34. Bxb7 Qxb7 35. Nc3 Qd7 36. Qxb6 Kg7 37. Qc5 Qd2 38. Kh2 Qxf4+ 39. Kh1 Qf1+ 40. Qg1 Qf4 41. Ne2 Qxe5 42. Qd4 Qxd4 43. Nxd4 Kf6 44. Nb3 Ke5 45. Nc5 Kd4 46. Nxa6 Kc4 47. Nc7 e5 48. Kg1 e4 49. Kf2 f5 50. Ke3 g5 51. g3 Kb3 52. Nxb5 Ka4 53. Nd4 Kxa3 54. b5 Kb4 55. b6 Kc5 56. b7 Kd6 57. b8Q+ Kd5 58. Qb5+ Kd6 59. Qc6+ Ke7 60. Qe6+ Kd8 61. Nxf5 Kc7 62. Qd6+ Kb7 63. Ne7 h5 64. Qc6+ Kb8 65. Nd5 g4 66. Qc7+ Ka8 67. Nb6# 1-0

[Event "Speed Chess (Women) Q1"]
[Site "Chess.com INT"]
[Date "2021.05.28"]
[Round "6"]
[White "Komiagina, Maria"]
[Black "Swati, Mohota"]
[Result "1-0"]
[WhiteElo "2241"]
[BlackElo "2027"]
[PlyCount "55"]
[EventDate "2021.05.28"]
[EventType "swiss (blitz)"]
[EventRounds "9"]
[EventCountry "USA"]
[SourceTitle "CBM 202 Extra"]
[Source "ChessBase"]
[SourceDate "2021.07.31"]
[SourceVersion "1"]
[SourceVersionDate "2021.07.31"]
[SourceQuality "1"]

1. e4 Nf6 2. e5 Nd5 3. d4 b5 4. Bxb5 c5 5. c3 Qb6 6. Bc4 Bb7 7. Nf3 cxd4 8. Nxd4 e6 9. 0-0 Qc7 10. Qe2 Nc6 11. Bxd5 Nxd4 12. cxd4 Bxd5 13. Nc3 Bc4 14. Qf3 Rb8 15. Re1 Bb4 16. Qg3 Kf8 17. Bd2 Qb7 18. Rac1 Bxc3 19. Qxc3 Bd5 20. b3 Bxg2 21. Re3 Bd5 22. Rg3 h6 23. Qc5+ Kg8 24. Qe7 Rf8 25. Qf6 Rh7 26. Bxh6 Kh8 27. Bxg7+ Kg8 28. Bh6+ 1-0

[Event "Speed Chess (Women) Q1"]
[Site "Chess.com INT"]
[Date "2021.05.28"]
[Round "1"]
[White "Linares Napoles, Oleiny"]
[Black "Swati, Mohota"]
[Result "1-0"]
[WhiteElo "2255"]
[BlackElo "2027"]
[PlyCount "69"]
[EventDate "2021.05.28"]
[EventType "swiss (blitz)"]
[EventRounds "9"]
[EventCountry "USA"]
[SourceTitle "CBM 202 Extra"]
[Source "ChessBase"]
[SourceDate "2021.07.31"]
[SourceVersion "1"]
[SourceVersionDate "2021.07.31"]
[SourceQuality "1"]

1. d4 d5 2. Bf4 Nf6 3. e3 e6 4. Nd2 Bd6 5. c3 0-0 6. Ngf3 c5 7. Bd3 c4 8. Bc2 Bxf4 9. exf4 Qd6 10. g3 b5 11. 0-0 Nc6 12. Ne5 a5 13. a3 Bd7 14. Qe2 Rfb8 15. Ndf3 b4 16. axb4 axb4 17. Ng5 Nd8 18. Rxa8 Rxa8 19. cxb4 Qxb4 20. Nxd7 Nxd7 21. Bxh7+ Kf8 22. Bb1 Rb8 23. f5 Qxb2 24. Qe3 c3 25. fxe6 Nxe6 26. Nxe6+ fxe6 27. Qxe6 c2 28. Bxc2 Qxc2 29. Qxd7 Qc4 30. Qd6+ Kg8 31. Qxb8+ Kh7 32. Qe5 g6 33. Re1 Kh6 34. Qf4+ Kg7 35. Re7+ 1-0

[Event "Titled Tuesday intern op 27th Oct"]
[Site "Chess.com INT"]
[Date "2020.10.27"]
[Round "4"]
[White "Swati, Mohota"]
[Black "Baraeva, Marina"]
[Result "0-1"]
[WhiteElo "2027"]
[BlackElo "2227"]
[PlyCount "72"]
[EventDate "2020.10.27"]
[EventType "swiss (blitz)"]
[EventRounds "11"]
[EventCountry "USA"]
[SourceTitle "CBM 199 Extra"]
[Source "ChessBase"]
[SourceDate "2021.01.31"]
[SourceVersion "1"]
[SourceVersionDate "2021.01.31"]
[SourceQuality "1"]

1. d4 d5 2. Nf3 Nf6 3. c4 c6 4. Bg5 Ne4 5. Bf4 Bf5 6. e3 e6 7. Bd3 Nd7 8. 0-0 Be7 9. Ne5 0-0 10. g4 Bg6 11. Nxg6 hxg6 12. Bxe4 dxe4 13. Nc3 f5 14. f3 g5 15. Bg3 f4 16. Bf2 exf3 17. Qxf3 e5 18. dxe5 Nxe5 19. Qe4 Qc7 20. Rae1 Bd6 21. c5 Bxc5 22. exf4 Bxf2+ 23. Rxf2 Nd7 24. Qe6+ Rf7 25. fxg5 Nc5 26. Qc4 b5 27. Qxc5 Rxf2 28. Qxf2 Rf8 29. Qg3 Qb6+ 30. Qe3 Qc7 31. Kg2 Qf7 32. Qg3 a6 33. Re2 b4 34. Ne4 Qd5 35. Kh3 Qd1 36. Nc5 Qxe2 0-1

[Event "Titled Tuesday intern op 20th Oct"]
[Site "Chess.com INT"]
[Date "2020.10.20"]
[Round "1"]
[White "Janaszak, Dawid"]
[Black "Swati, Mohota"]
[Result "0-1"]
[WhiteElo "2348"]
[BlackElo "2027"]
[PlyCount "78"]
[EventDate "2020.10.20"]
[EventType "swiss (blitz)"]
[EventRounds "11"]
[EventCountry "USA"]
[SourceTitle "EXT 2022"]
[Source "ChessBase"]
[SourceDate "2021.10.06"]
[SourceVersion "1"]
[SourceVersionDate "2021.10.06"]
[SourceQuality "1"]

1. d4 d5 2. Nf3 Nf6 3. Bf4 c6 4. e3 Bg4 5. Nbd2 e6 6. Bd3 Bd6 7. Bg3 0-0 8. c4 Bh5 9. Qc2 Bg6 10. Bxg6 hxg6 11. c5 Bc7 12. Ne5 Nbd7 13. f4 Nh5 14. Bf2 Nxe5 15. fxe5 Qg5 16. 0-0 f6 17. Nf3 Qh6 18. g4 fxe5 19. Nxe5 Nf6 20. Qxg6 Bxe5 21. Qxh6 gxh6 22. dxe5 Nxg4 23. Bh4 Nxe3 24. Rf6 Rxf6 25. Bxf6 Ng4 26. Be7 Nxe5 27. Kh1 Kf7 28. Bd6 Nc4 29. Rf1+ Kg7 30. Rg1+ Kh7 31. Be7 Re8 32. Bf6 Rg8 33. Re1 Rg6 34. Rxe6 Nd2 35. Re7+ Kg8 36. Be5 Ne4 37. h3 Nxc5 38. b4 Nd3 39. Rxb7 Nxe5 0-1

[Event "Titled Tuesday intern op 20th Oct"]
[Site "Chess.com INT"]
[Date "2020.10.20"]
[Round "4"]
[White "Swati, Mohota"]
[Black "Purtseladze, Maka"]
[Result "0-1"]
[WhiteElo "2027"]
[BlackElo "2274"]
[PlyCount "158"]
[EventDate "2020.10.20"]
[EventType "swiss (blitz)"]
[EventRounds "11"]
[EventCountry "USA"]
[SourceTitle "EXT 2022"]
[Source "ChessBase"]
[SourceDate "2021.10.06"]
[SourceVersion "1"]
[SourceVersionDate "2021.10.06"]
[SourceQuality "1"]

1. d4 Nf6 2. Nc3 d5 3. Bf4 c6 4. Nf3 g6 5. e3 Bg7 6. Bd3 0-0 7. 0-0 Bf5 8. Bxf5 gxf5 9. Ne5 e6 10. Bg5 Nbd7 11. Nxd7 Qxd7 12. Bxf6 Bxf6 13. f4 Kh8 14. Rf3 Rg8 15. Rh3 Rg6 16. Qh5 h6 17. Rf1 Rag8 18. Rf2 c5 19. Qd1 b5 20. dxc5 Qc6 21. Ne2 Qxc5 22. Nd4 b4 23. Qd3 Qc4 24. Qxc4 dxc4 25. c3 bxc3 26. bxc3 Rb8 27. Rhf3 Rgg8 28. Rc2 Rb1+ 29. Rf1 Rgb8 30. g3 a5 31. Rxb1 Rxb1+ 32. Kf2 a4 33. Nc6 a3 34. Na5 Rb2 35. Re2 Bxc3 36. Nxc4 Rb1 37. Nxa3 Ra1 38. Nb5 Bf6 39. Nd4 Kg7 40. Nb3 Rb1 41. Kg2 Kg6 42. Rc2 h5 43. Kf2 h4 44. Nd2 Ra1 45. Nf3 h3 46. Ne5+ Bxe5 47. fxe5 Rh1 48. Kf3 Kg5 49. a4 Ra1 50. Rc4 Ra2 51. Rh4 Rxh2 52. a5 Ra2 53. Rxh3 Rxa5 54. Rh7 Rxe5 55. Rxf7 Re4 56. Re7 Kf6 57. Re8 Rg4 58. Rf8+ Ke5 59. Re8 Rb4 60. Rd8 Rb3 61. Rd4 Kf6 62. Rd6 Ke7 63. Ra6 Kf6 64. Rc6 Ke5 65. Rc5+ Kd6 66. Ra5 e5 67. Ra6+ Kd5 68. Ra5+ Ke6 69. Ra6+ Kf7 70. Rc6 Rb2 71. Rc5 Kf6 72. Rc6+ Kg5 73. Re6 e4+ 74. Rxe4 fxe4+ 75. Kxe4 Kg4 76. Kd4 Kxg3 77. e4 Kf4 78. e5 Re2 79. Kd5 Rxe5+ 0-1

[Event "Titled Tuesday intern op 13th Oct"]
[Site "Chess.com INT"]
[Date "2020.10.13"]
[Round "4"]
[White "Demchenko, Anton"]
[Black "Swati, Mohota"]
[Result "1-0"]
[WhiteElo "2632"]
[BlackElo "2027"]
[PlyCount "63"]
[EventDate "2020.10.13"]
[EventType "swiss (blitz)"]
[EventRounds "10"]
[EventCountry "USA"]
[SourceTitle "CBM 198 Extra"]
[Source "ChessBase"]
[SourceDate "2020.11.30"]
[SourceVersion "1"]
[SourceVersionDate "2020.11.30"]
[SourceQuality "1"]

1. e4 Nf6 2. Nc3 d5 3. e5 Nfd7 4. d4 e6 5. Nf3 c5 6. Ne2 cxd4 7. Nexd4 Nc6 8. Bf4 a6 9. c3 Bc5 10. Bd3 Qb6 11. 0-0 Nxd4 12. cxd4 Bxd4 13. Nxd4 Qxd4 14. Bg3 Qxb2 15. a4 Qb6 16. Rb1 Qd8 17. Qg4 0-0 18. Bh4 Qe8 19. Rfe1 f5 20. exf6 Nxf6 21. Qd4 Qf7 22. f3 Rb8 23. Bg3 Ra8 24. a5 Re8 25. Rbc1 Bd7 26. Rc7 Rec8 27. Rxb7 Qe8 28. Be5 Bc6 29. Rxg7+ Kxg7 30. Bxf6+ Kg8 31. Qg4+ Kf8 32. Qg7# 1-0

[Event "Titled Tuesday intern op 13th Oct"]
[Site "Chess.com INT"]
[Date "2020.10.13"]
[Round "1"]
[White "Pham, Le Thao Nguyen"]
[Black "Swati, Mohota"]
[Result "1-0"]
[WhiteElo "2366"]
[BlackElo "2027"]
[PlyCount "117"]
[EventDate "2020.10.13"]
[EventType "swiss (blitz)"]
[EventRounds "10"]
[EventCountry "USA"]
[SourceTitle "CBM 198 Extra"]
[Source "ChessBase"]
[SourceDate "2020.11.30"]
[SourceVersion "1"]
[SourceVersionDate "2020.11.30"]
[SourceQuality "1"]

1. d4 d5 2. Nf3 Nf6 3. Bg5 Ne4 4. Bf4 c6 5. c3 Qb6 6. Qb3 Bf5 7. Nbd2 Nxd2 8. Nxd2 Nd7 9. e3 e6 10. h3 Be7 11. g4 Bg6 12. h4 h5 13. g5 0-0 14. Be2 c5 15. Qxb6 axb6 16. a3 c4 17. 0-0 b5 18. Rac1 Nb6 19. Bd1 Bd3 20. Re1 g6 21. e4 Rfe8 22. Bc7 Na4 23. Bxa4 bxa4 24. exd5 exd5 25. Nf3 Bf8 26. Rxe8 Rxe8 27. Re1 Rxe1+ 28. Nxe1 Be4 29. f3 Bb1 30. Kf2 Be7 31. Be5 Kf8 32. Ke3 Ke8 33. Ng2 Kd7 34. Kf4 Kc6 35. Ne3 Bd6 36. Bxd6 Kxd6 37. Ng2 Bd3 38. Ke3 Bf5 39. Nf4 Bb1 40. Ne2 Ke6 41. Ng3 Kd6 42. Kf4 Ke6 43. Ke3 Kd6 44. f4 Ke6 45. Kf3 Bc2 46. Nf1 Bd1+ 47. Kg3 Bg4 48. Ne3 Bf5 49. Kf3 Be4+ 50. Ke2 Bf5 51. Kf2 Be4 52. Kg3 Bf5 53. Nf1 Be4 54. Nd2 Bf5 55. Nf3 Be4 56. Ne5 Bf5 57. Kf2 Be4 58. Ke3 Bb1 59. Nf3 1-0

[Event "Speed Chess Super Swiss"]
[Site "Chess.com INT"]
[Date "2020.10.03"]
[Round "13"]
[White "Playa, Marcelo"]
[Black "Swati, Mohota"]
[Result "1-0"]
[WhiteElo "2376"]
[BlackElo "2027"]
[PlyCount "95"]
[EventDate "2020.10.03"]
[EventType "swiss (blitz)"]
[EventRounds "15"]
[EventCountry "USA"]
[SourceTitle "CBM 198 Extra"]
[Source "ChessBase"]
[SourceDate "2020.11.30"]
[SourceVersion "1"]
[SourceVersionDate "2020.11.30"]
[SourceQuality "1"]

1. e4 Nf6 2. e5 Nd5 3. c4 Nb6 4. c5 Nd5 5. Bc4 c6 6. Nc3 e6 7. d4 b6 8. cxb6 axb6 9. Nf3 Ba6 10. Bxa6 Nxa6 11. 0-0 Be7 12. Ne4 d6 13. exd6 Bxd6 14. Nxd6+ Qxd6 15. Ne5 0-0 16. Nc4 Qc7 17. Qh5 Nf6 18. Qf3 Rad8 19. Be3 Nd5 20. Rac1 Nxe3 21. fxe3 Nb4 22. a3 Nd5 23. Ne5 Rd6 24. b4 f6 25. Nc4 Rd7 26. e4 Ne7 27. Qg4 Rxd4 28. Qxe6+ Kh8 29. e5 Re4 30. Qh3 b5 31. exf6 bxc4 32. fxe7 Qxe7 33. Rxf8+ Qxf8 34. Qf3 Qxf3 35. gxf3 Rd4 36. a4 Kg8 37. Kf2 c3 38. Rxc3 Rxb4 39. Ra3 c5 40. a5 c4 41. a6 Rb8 42. Ke3 Kf7 43. Kd4 Ke6 44. Kxc4 Kd6 45. a7 Ra8 46. Kb5 Kc7 47. Ka6 Kc6 48. Rc3+ 1-0

[Event "Speed Chess Super Swiss"]
[Site "Chess.com INT"]
[Date "2020.10.03"]
[Round "4"]
[White "Saulina, Varvara"]
[Black "Swati, Mohota"]
[Result "1-0"]
[WhiteElo "2240"]
[BlackElo "2027"]
[PlyCount "63"]
[EventDate "2020.10.03"]
[EventType "swiss (blitz)"]
[EventRounds "15"]
[EventCountry "USA"]
[SourceTitle "CBM 198 Extra"]
[Source "ChessBase"]
[SourceDate "2020.11.30"]
[SourceVersion "1"]
[SourceVersionDate "2020.11.30"]
[SourceQuality "1"]

1. e4 Nf6 2. e5 Nd5 3. d4 Nb6 4. Nf3 d5 5. c3 Bg4 6. h3 Bxf3 7. Qxf3 e6 8. Bd3 c5 9. 0-0 Nc6 10. Be3 Be7 11. a3 c4 12. Bc2 Qc7 13. Nd2 f5 14. exf6 Bxf6 15. Bf4 Qf7 16. Rfe1 0-0 17. Qg4 e5 18. dxe5 Nxe5 19. Rxe5 Bxe5 20. Bxe5 Qxf2+ 21. Kh2 Rf7 22. Rf1 Qxd2 23. Rxf7 Kxf7 24. Qxg7+ Ke6 25. Qf6+ Kd7 26. Bf5+ Ke8 27. Qh8+ Kf7 28. Qxh7+ Ke8 29. Qg6+ Ke7 30. Qd6+ Kf7 31. Bg6+ Kg8 32. Qe6+ 1-0